| 000 | 00449nam a22001697a 4500 | ||
|---|---|---|---|
| 003 | MACL | ||
| 005 | 20160115155454.0 | ||
| 008 | 160115b xxu||||| |||| 00| 0 eng d | ||
| 040 | _cMACL | ||
| 041 | _aEnglish | ||
| 082 | _a300/FAI | ||
| 100 |
_aFaizi Dr. Amirn Afaqur Ahmad _932656 |
||
| 245 | _aSelf- Help Groups And Marginalised Communities | ||
| 260 |
_aNew Delhi _bConcept Publications _c2009 |
||
| 650 |
_aSociology _932657 |
||
| 942 |
_2ddc _cBK |
||
| 999 |
_c52487 _d52487 |
||